000 00639nam a2200205 i 4500
001 124364
003 ES-MaACL
005 20251009173353.0
007 t|
008 070322s1926 sp ||||1| spa d
100 1 _aGudemann, Alfred.
_960387
245 1 0 _aHistoria de la literatura latina /
_cpor Alfred Gudemann ; traducido del alemán por Carlos Riba.
260 _aBarcelona :
_bLabor,
_c1926.
300 _a390 p. :
_bil. ;
_c17 cm.
490 1 _aColección Labor ;
_v98, 99
700 1 _aRiba, Carles,
_d1893-1959
_996698
830 0 0 _aColección Labor
_v98, 99
_9184254
852 _aES-MaACL
_jE-2633
999 _c124364
_d124364